000 00758nam a2200289Ia 4500
005 20260324150705.0
008 008 260324s9999 xx 000 0 eng d
020 _a9781003193029
037 _aEBOOK
040 _aCRL
040 _beng
040 _cCRL
041 _2eng
041 _aeng
084 _qCRL
100 _aJoseph Trenaman
_91227278
245 0 _aOut of Step
245 2 _bA Study of Young Delinquent Soldiers in Wartime; Their Offences, Their Background and Their Treatment Under an Army Experiment
260 _bTaylor and Francis
260 _c1952
365 _a
365 _b170
856 _uhttp://www.taylorfrancis.com/books/9781003193029
942 _cEBOOK
999 _c1837187
_d1837187